000 00744nam a2200265 i 4500
001 C2-0204087
003 PPAK
005 20180728101431.0
008 990224s1997 my a|||| ||||| | may d
020 _a9830341062
040 _aPPAK
_beng
_cPPAK
_erda
082 0 4 _a340.23
_2 23
090 0 0 _a340.23
_bROS
_dRK
100 0 _aRoslily Nasir,
_eauthor
245 1 0 _aPeguam dan kerjaya pilihan
264 1 _aKuala Lumpur :
_bHartamas ,
_c1997
300 _a42 pages :
_bcolour illustrations ;
_c27 cm
336 _2rdacontent
_atext
337 _2rdamedia
_aunmediated
338 _2rdacarrier
_avolume
490 1 _aSiri Kerjaya Pilihan
650 1 0 _aLawyers - Vocational guidance
830 0 _aSiri Kerjaya Pilihan
942 _ddc
_cB
999 _c157571
_d157571